000 00426nam a2200169Ia 4500
008 170705s9999 xx 000 0 und d
020 _a9780545401203
245 4 _aThe runaway wok /
245 _cYing Chang Compestine ; illustrated by Sebastia Serra.
260 _aNew York :
260 _bScholastic,
260 _c2011
300 _aunpaged :
300 _bcolor illustration ;
300 _c21cm.
500 _a750
999 _c336273
_d336273